| 000 | 02023nam a2200265Ia 4500 | ||
|---|---|---|---|
| 003 | Ost | ||
| 005 | 20260507074918.0 | ||
| 008 | 260507s9999||||xx |||||||||||||| ||und|| | ||
| 020 | _a23562499579 | ||
| 040 | _cfsecg | ||
| 041 | _aara | ||
| 082 | _a658.1 | ||
| 100 |
_aالشبلي، هيثم حمود _eمؤلف |
||
| 245 | 0 |
_aإدارة المنشآت المعاصرة / _c هيثم حمود الشبلي |
|
| 260 |
_aعمان: _bدار صفاء, _c2009 |
||
| 300 |
_a551 صفحة؛ _bإيضاحات ؛ _c24 سم |
||
| 504 | _aببليوغرافيا: ص.543 | ||
| 520 | _aمفاهيم إدارة المنشآت المعاصرة ، تطور نظريات تنظيم المنشآت المعاصرة ، التخطيط الاستراتيجي و الادارة الاستراتيجية ودورهما في بيئة المنشأت المعاصرة ، إدارة بيئة المنشآت المعاصرة ، إدارة الاحتياجات من الموارد البشرية في بيئة المنشآت المعاصرة ، إدارة دوافع العمل و حوافزه و أهميتها في تحقيق الرضا الوظيفي في بيئة المنشآت المعاصرة ، إدارة نظم المعلومات الادارية في بيئة المنشلآت المعاصرة ، المنشلآت المعاصرة و الاقتصاد المعرفي و إدارة الجودة الشاملة ، المنظمة الافتراصية ، إدارة الجودة في بيئة المنشآت المعاصرة ، الادارة الالكترونية في بيئة المنشآت المعاصرة ، إعادة هندسة العمليات في بيئة المنشآت المعاصرة ، مواضيع متخصصصة و تدريبية في إدارة المنشآت المعاصرة | ||
| 653 | _aإدارة الاعمال | ||
| 653 | _aإدارة الافراد | ||
| 653 | _aالادارة | ||
| 653 | _aالمشروعات | ||
| 700 |
_aالنسور، مروان محمد _eمؤلف ثانوي |
||
| 942 | _cكتاب | ||
| 999 |
_c41783 _d41783 |
||